Регионална библиотека "Любен Каравелов" - Русе

Нормален изглед MARC изглед
  • законна самоотбрана

Вход 08. Ключови думи

Брой записи, използвани в: 0

001 - Контролен номер на записа

  • Контролно поле: 435700

003 - Код на организацията, даваща контролен номер

  • Контролно поле: BLK

005 - Дата и час на последна промяна на записа

  • Контролно поле: 20201028104128.0

008 - Данни с фиксирана дължина – обща информация

  • Данни с фиксирана дължина : 201028|| aca||aabn | a|a d

153 ## - Ключови думи

  • Ключова дума: законна самоотбрана

942 ## - Системна служебна употреба

  • Koha auth type: KEW
Vip Innovations Ltd, Rousse, Bulgaria 2025